Missing Word: California Quiz Stats

 Plays Quiz Updated Nov 29, 2016

Challenge
Share
Tweet
Embed
Score 0/16 Timer 03:00
4 Plays Today
'California’ Term Missing Word % Correct
California _____ rushgold
95.8%
_____ CaliforniaHotel
93.7%
California _____ I ComeHere
89.7%
California _____Girls
89%
California _____Dreamin’
85.1%
CHiPs: California _____ PatrolHighway
78.4%
California _____roll
77.8%
It Never Rains in ____ CaliforniaSouthern
65.1%
'California’ Term Missing Word % Correct
California _____ KitchenPizza
59.5%
Going _____ to CaliBack
49.5%
California _____Gurls
43.1%
_____ CaliforniaDani
42.8%
_____ to CaliforniaGoing
32.7%
California _____Love
31.6%
California King _____Bed
28.6%
_____ of CaliforniaKing
28.6%

Today's Daily Dose

Missing Word
Hayao Miyazaki

Word Ladder
Florida

On This Day
December 13th II

You're not logged in!

Compare scores with friends on all Sporcle quizzes.
OR
Log In

You Might Also Like...

Show Comments

Extras

Top Quizzes Today


Score Distribution

Your Account Isn't Verified!

In order to create a playlist on Sporcle, you need to verify the email address you used during registration. Go to your Sporcle Settings to finish the process.

Report this User

Report this user for behavior that violates our Community Guidelines.

Details: